000 01933cam a2200421 i 4500
999 _c64379
_d64379
001 768714001
003 CO-MdFUSB
005 20180814080330.0
008 110920s2011 sp | |||| 001 0 spa
017 _aCO 204-2011
_bOficina Depósito Legal Córdoba
020 _a9788493748852
040 _aSpMaBN
_bspa
_cCO-MdFUSB
_erdc
_dCO-MdFUSBC
041 1 _aspa
_heng
080 _a1(081) MacIntyre, Alasdair C.
082 _222
_a101
_bM152
100 1 _aMacIntyre, Alasdair C.
_d1929-
_eautor
240 1 4 _aThe tasks of philosophy
245 1 4 _aLas tareas de la filosofía
_c/ Alasdair MacIntyre ; traducción, Francisco Javier Martínez, Feliciano Merino, Sebastián Montiel
264 1 _aGranada :
_bNuevo Inicio,
_c[2011]
264 4 _c©2011
300 _a354 páginas.
_c22 cm
336 _2rdacontent
_atexto
_btxt
337 _2rdamedia
_asin mediación
_bn
338 _2rdacarrier
_avolumen
_bnc
490 1 _aAreópagos
490 1 _aEnsayos escogidos
500 _aÍndice
505 _gParte I:
_tDefiniendo una posición filosófica
_aCrisis epistemológicas, narrativa dramática y filosofía de la ciencia. -- Colores culturas y práctica -- Relativismo moral, verdad y justificación. -- Rostros y cráneos en Hegel. -- ¿Qué es un cuerpo humano? -- ¿Qué separa a la filosofía moral y la praxis social contemporánea?
505 _gParte II:
_tLos fines de la investigación filosófica.
_aFines de la vida y fines de la producción filosófica. -- Primeros principios, fines últimos y ciertas cuestiones filosóficas contemporáneas. -- La filosofía, reclamada a sus tareas: lectura tomista de la Fides et ratio. -- La verdad como bien: reflexión sobre la Fides et ratio.
563 _aRústico.
650 7 _aFilosofía
_2embne
_vTeoría.
830 _aAreópagos
830 _aEnsayos escogidos
942 _cBK
956 _a2